| 000 | 00627nam a2200229Ia 4500 | ||
|---|---|---|---|
| 003 | GCL | ||
| 008 | 140319s9999 xx 000 0 ara d | ||
| 040 |
_aGCL / _cGCL |
||
| 082 | 0 | 4 |
_aق _b916.239 _bج س |
| 100 | 1 | _aجمال حمدان | |
| 245 | 1 | 0 |
_aسيناء / _cجمال حمدان |
| 260 |
_aالقاهرة : _bدار الهلال للطباعة والنشر ، _c1993 |
||
| 300 | _a260 ص | ||
| 490 |
_aكتاب الهلال _v0 |
||
| 650 | 0 | 4 | _aمصر |
| 650 | 0 | 4 | _aتاريخ |
| 650 | 0 | 4 | _aالجغرافيا |
| 650 | 0 | 4 | _aسيناء |
| 650 | 0 | 4 | _aالطبيعة |
| 650 | 0 | 4 | _aالعريش |
| 942 |
_2ddc _cBK |
||
| 999 |
_c36329 _d36329 |
||